000 00280nam a22001217a 4500
008 181220b xxu||||| |||| 00| 0 eng d
041 _aeng
080 _a611
100 _a7
101 _aANA
245 _aA Guide to Dissection in gross Anatomy
_cWoodburne,R.T
942 _2udc
_cBK
999 _c53533
_d53533